General Knowledge Pictures - Beginning 'L' - Statistics

General Stats
  • This quiz has been taken 130 times
  • The average score is 18 of 28
Answer Stats
Picture Answer % Correct
London
97%
Library
95%
Lighthouse
95%
Leaf
92%
Labrador
91%
Laughing
90%
John Lennon
84%
Lynx
82%
Link
78%
Lager
77%
Latvia
72%
Laboratory
71%
Lead
69%
Lesotho
68%
Lotus Flower
66%
Liberia
65%
Level
58%
Lance
56%
Lederhosen
56%
Louisiana
56%
Liner
54%
Lichen
50%
Ludo
41%
Louse
40%
Lace
35%
Los Angeles
31%
Liverpool
27%
Lupin
20%
No matching quizzes found
Score Distribution
Percent of People with Each Score
Percentile by Number Answered
Your Score History
You have not taken this quiz